[Event "ch-PHI w"]
[Site "Tagaytay City PHI"]
[Date "2010.05.30"]
[Round "6"]
[White "Cherry,A"]
[Black "Jose,Ru"]
[Result "1-0"]
[WhiteElo "1868"]
[BlackElo "1986"]
[EventDate "2010.05.25"]

1. e4 g6 2. d3 Bg7 3. Nf3 e6 4. c3 c5 5. g3 b6 6. Bg2 Bb7 7. O-O Ne7 8. Re1
O-O 9. h4 Nbc6 10. Nbd2 Qc7 11. Qe2 d5 12. e5 Rfd8 13. Nf1 d4 14. c4 a6 15.
Bf4 b5 16. b3 bxc4 17. bxc4 a5 18. N1h2 a4 19. Ng4 Kh8 20. Nf6 Nf5 21. Qd2
h5 22. Bh3 Qa5 23. Qxa5 Nxa5 24. Ng5 Nh6 25. Nge4 Bxe4 26. Nxe4 Rac8 27.
Rab1 Rc7 28. Rb5 Nb7 29. Reb1 Rdd7 30. Nf6 Bxf6 31. exf6 Nd6 32. Rb6 Nc8
33. Rb8 Kh7 34. Bxc7 Rxc7 35. R8b7 Rxb7 36. Rxb7 Nd6 37. Ra7 e5 38. Rd7 Ne8
39. Re7 Nxf6 40. Rxe5 Kg7 41. Rxc5 Kf8 42. Re5 Nhg8 43. Ra5 Ke7 44. Rxa4
Nd7 45. Ra7 f5 46. c5 Ke6 47. Ra6+ Kf7 48. c6 Nc5 49. c7 Ne7 50. c8=Q Nxc8
51. Rc6 Nxd3 52. Rxc8 Ke6 53. Bf1 Ne5 54. Re8+ Kd5 55. Rxe5+ 1-0

[Event "ch-PHI w"]
[Site "Tagaytay City PHI"]
[Date "2010.05.30"]
[Round "6"]
[White "Suede,A"]
[Black "Camacho,C"]
[Result "0-1"]
[WhiteElo "1945"]
[BlackElo "2186"]
[EventDate "2010.05.25"]

1. e4 c5 2. Nc3 g6 3. f4 Bg7 4. Nf3 Nc6 5. Bc4 e6 6. d3 Nge7 7. O-O O-O 8.
e5 d5 9. Bb3 Nd4 10. Nxd4 cxd4 11. Ne2 f6 12. Nxd4 fxe5 13. fxe5 Bxe5 14.
Nf3 Bg7 15. d4 Nf5 16. Kh1 Nxd4 17. Bg5 Qd6 18. Nxd4 Rxf1+ 19. Qxf1 Bxd4
20. Qf3 Bd7 21. Bh6 Bg7 22. Bxg7 Kxg7 23. Rd1 Rf8 24. Qe3 d4 25. Qe4 Bc6
26. Qe2 Rf5 27. c3 Rh5 0-1

[Event "ch-PHI w"]
[Site "Tagaytay City PHI"]
[Date "2010.05.31"]
[Round "7"]
[White "Camacho,C"]
[Black "Salvador,A"]
[Result "1-0"]
[WhiteElo "2186"]
[BlackElo "2058"]
[EventDate "2010.05.25"]

1. e4 e6 2. d4 d5 3. Nc3 Nf6 4. Bg5 Be7 5. e5 Nfd7 6. Bxe7 Qxe7 7. f4 a6 8.
Nf3 c5 9. dxc5 Qxc5 10. Qd2 Nc6 11. Bd3 b5 12. Ne2 Nb6 13. c3 Bd7 14. Ned4
Nc4 15. Qf2 Nxd4 16. Nxd4 b4 17. O-O bxc3 18. bxc3 O-O 19. Rae1 Rab8 20.
Re2 g6 21. g4 f6 22. exf6 Rxf6 23. g5 Rf7 24. Nxe6 Qd6 25. Qc5 Qxc5+ 26.
Nxc5 Bh3 27. Rff2 a5 28. Re1 Rbf8 29. Bxc4 dxc4 30. Ne4 Kg7 31. Nf6 h6 32.
Rfe2 hxg5 33. fxg5 Rb8 34. Re8 Rxe8 35. Rxe8 Rb7 36. Kf2 Rb5 37. Re7+ Kf8
38. Re4 Kf7 39. Rf4 Bf5 40. Ke3 Ke6 41. Rxc4 Bb1 42. Kf4 Bxa2 43. Rc6+ Kf7
44. Ne4 Rf5+ 45. Ke3 Bd5 46. Nd6+ Ke6 47. Nxf5+ Bxc6 48. Nd4+ Kd5 49. Nxc6
Kxc6 50. Kd3 Kd5 51. h4 a4 52. c4+ 1-0

[Event "ch-PHI w"]
[Site "Tagaytay City PHI"]
[Date "2010.05.31"]
[Round "7"]
[White "Perena,C"]
[Black "Suede,A"]
[Result "1-0"]
[WhiteElo "2090"]
[BlackElo "1945"]
[EventDate "2010.05.25"]

1. d4 d5 2. c4 c6 3. Nc3 dxc4 4. a4 e5 5. Nf3 exd4 6. Nxd4 Nf6 7. e3 Bb4 8.
Bxc4 O-O 9. O-O a5 10. h3 Nbd7 11. Qc2 Nb6 12. Ba2 Qe7 13. Bd2 Bd7 14. Rad1
Rfd8 15. Bc1 Qe8 16. b3 Qe5 17. Nce2 Nbd5 18. Bb1 Bd6 19. Ng3 Nb4 20. Qe2
Qc5 21. Ngf5 Bxf5 22. Nxf5 Be5 23. e4 Qc3 24. f4 Bc7 25. Bb2 Qc5+ 26. Kh1
Ne8 27. Qg4 Qf8 28. Nh6+ Kh8 29. Qh5 Rxd1 30. Rxd1 f6 31. e5 g6 32. Rd7
fxe5 33. Rxh7+ 1-0

[Event "ch-PHI w"]
[Site "Tagaytay City PHI"]
[Date "2010.05.31"]
[Round "7"]
[White "Jose,Ru"]
[Black "Cua,Sherc"]
[Result "1-0"]
[WhiteElo "1986"]
[BlackElo "2142"]
[EventDate "2010.05.25"]

1. d4 d5 2. c4 e6 3. Nf3 Nf6 4. e3 c6 5. Nbd2 Nbd7 6. b3 Be7 7. Bb2 b6 8.
Be2 Bb7 9. O-O O-O 10. Rc1 Rc8 11. Ne5 Ne4 12. Nxe4 Nxe5 13. Ng3 Nd7 14. e4
dxe4 15. Nxe4 Nf6 16. Bf3 Nxe4 17. Bxe4 Bf6 18. Qg4 Qe7 19. Rc3 g6 20. Rh3
Rfd8 21. Rd1 Bg7 22. Qe2 Rd7 23. Rhd3 Rcd8 24. Qf3 Rc8 25. Qe2 Qd8 26. g3
Qe7 27. h4 Rcd8 28. h5 b5 29. hxg6 hxg6 30. Kg2 bxc4 31. bxc4 c5 32. Bxb7
Rxb7 33. Ba3 Rb6 34. Bxc5 Qb7+ 35. Qf3 Qxf3+ 36. Kxf3 Ra6 37. a3 Ra4 38.
Rc1 e5 39. d5 f5 40. Ke2 e4 41. Rb3 Be5 42. Rb7 a6 43. Be7 Rb8 44. Rxb8+
Bxb8 45. d6 Kf7 46. Rb1 Bxd6 47. Bxd6 Rxc4 48. Rb6 a5 49. Rb8 a4 50. Bb4 g5
51. Ra8 f4 52. gxf4 gxf4 53. Rxa4 Rc2+ 54. Ke1 Ra2 55. Kf1 e3 56. fxe3 fxe3
57. Ra5 e2+ 58. Ke1 Ke6 59. Rc5 Kf6 60. Rc3 Ke6 61. Rd3 Ke5 62. Bd2 Ke6 63.
Kxe2 1-0

[Event "ch-PHI w"]
[Site "Tagaytay City PHI"]
[Date "2010.05.31"]
[Round "7"]
[White "Palomo,J"]
[Black "Cherry,A"]
[Result "0-1"]
[WhiteElo "1879"]
[BlackElo "1868"]
[EventDate "2010.05.25"]

1. Nf3 c5 2. c3 Nc6 3. d4 cxd4 4. cxd4 d5 5. Nc3 Nf6 6. e3 Bg4 7. h3 Bh5 8.
Qb3 Rb8 9. Be2 e6 10. O-O Bd6 11. Qa4 O-O 12. Nb5 Be7 13. Nxa7 Qb6 14. Nxc6
bxc6 15. Qa6 Qc7 16. a3 Ra8 17. Qd3 Bg6 18. Qd1 Rfb8 19. Ne5 c5 20. Nxg6
hxg6 21. dxc5 Bxc5 22. Qc2 Qb6 23. Ra2 Rc8 24. Qd3 Qd6 25. Bd2 Ne4 26. Bf3
Ng5 27. e4 Nxf3+ 28. gxf3 Qg3+ 29. Kh1 Qxh3+ 30. Kg1 Bd6 31. Rd1 Bh2+ 0-1

[Event "ch-PHI w"]
[Site "Tagaytay City PHI"]
[Date "2010.05.31"]
[Round "7"]
[White "Docena,J"]
[Black "Bernales,C"]
[Result "1/2-1/2"]
[WhiteElo "2008"]
[BlackElo "2043"]
[EventDate "2010.05.25"]

1. e4 e6 2. Nc3 d5 3. Nf3 Nf6 4. e5 Nfd7 5. d4 c5 6. dxc5 Bxc5 7. Bd3 Nc6
8. Bf4 h6 9. Bg3 O-O 10. O-O a6 11. a3 b5 12. Qd2 Bb7 13. Rfe1 Nb6 14. Qf4
b4 15. Nd1 bxa3 16. bxa3 a5 17. c3 Ba6 18. Bc2 Nc4 19. Qg4 Kh8 20. Qh5 Ne7
21. Bh4 Qe8 22. Bf6 Ng8 23. Ng5 Be7 24. Nh7 Bxf6 25. Nxf8 Be7 26. Ng6+ fxg6
27. Bxg6 Qf8 28. a4 Bc5 29. Bf7 Bc8 30. Bg6 Ne7 31. Bd3 Ba6 32. Qh3 Nb2 33.
Nxb2 Qxf2+ 34. Kh1 Qxb2 35. Bxa6 Rxa6 36. Rab1 Qc2 37. Rec1 Qe4 38. Re1 Qc2
39. Rec1 Qe4 40. Re1 1/2-1/2

[Event "ch-PHI w"]
[Site "Tagaytay City PHI"]
[Date "2010.05.31"]
[Round "7"]
[White "Mendoza,B"]
[Black "Suede,M"]
[Result "1-0"]
[WhiteElo "2078"]
[BlackElo "1949"]
[EventDate "2010.05.25"]

1. e4 e6 2. d4 d5 3. e5 c5 4. c3 Nc6 5. Nf3 Qb6 6. a3 cxd4 7. cxd4 Nh6 8.
b4 Nf5 9. Bb2 a5 10. Qa4 Bd7 11. b5 Na7 12. Nc3 Be7 13. Bd3 O-O 14. O-O Nh4
15. Nxh4 Bxh4 16. Qd1 Be7 17. Qg4 Be8 18. Rfe1 Nxb5 19. Na4 Qc6 20. Rac1
Qd7 21. Nb6 Qd8 22. Nxa8 Qxa8 23. Re3 g6 24. Rh3 Bd7 25. Qf4 f5 26. exf6
Bxf6 27. Bxb5 Bxb5 28. Rc7 Bg7 29. Qh4 h5 30. Qe7 1-0

[Event "ch-PHI w"]
[Site "Tagaytay City PHI"]
[Date "2010.05.31"]
[Round "8"]
[White "Bernales,C"]
[Black "Mendoza,B"]
[Result "1-0"]
[WhiteElo "2043"]
[BlackElo "2078"]
[EventDate "2010.05.25"]

1. e4 e5 2. Nf3 Nc6 3. d4 exd4 4. Bc4 Nf6 5. e5 d5 6. Bb5 Ne4 7. Nxd4 Bd7
8. Bxc6 bxc6 9. O-O Bc5 10. Be3 O-O 11. f3 Ng5 12. f4 Ne4 13. Nd2 Nxd2 14.
Qxd2 Bb6 15. c3 f6 16. e6 Bxd4 17. Bxd4 Bxe6 18. f5 Bf7 19. Rae1 Qd7 20.
Re3 Rfe8 21. Rg3 Kf8 22. Bc5+ Kg8 23. Qh6 Bg6 24. Qh3 Bf7 25. Bd4 Kh8 26.
Qh6 Bg8 27. Rxg7 Qxg7 28. Bxf6 Re7 29. Bxg7+ Rxg7 30. f6 Rg6 31. Qe3 Bf7
32. Qe7 Kg8 33. Rf3 Re8 34. Qxc7 Kf8 35. Qd6+ Kg8 36. Rg3 Re6 37. Qb8+ Re8
38. Rxg6+ hxg6 39. Qf4 Re6 40. g4 Kh7 41. g5 Re4 42. Qc7 Kg8 43. Qc8+ Re8
44. Qh3 1-0

[Event "ch-PHI w"]
[Site "Tagaytay City PHI"]
[Date "2010.05.31"]
[Round "8"]
[White "Cua,Sherc"]
[Black "Palomo,J"]
[Result "1-0"]
[WhiteElo "2142"]
[BlackElo "1879"]
[EventDate "2010.05.25"]

1. d4 d5 2. c4 dxc4 3. Nf3 Nf6 4. e3 c5 5. Bxc4 cxd4 6. Qb3 e6 7. Nxd4 Be7
8. Nc3 O-O 9. O-O b6 10. Rd1 Qc7 11. Bd2 Nc6 12. Ncb5 Qb7 13. Nxc6 Qxc6 14.
Be2 Ba6 15. Rac1 Qd5 16. Qa4 Bxb5 17. Bxb5 Qh5 18. Bc6 Rad8 19. Bf3 Qe5 20.
Bc3 Qb8 21. g3 h6 22. Kg2 Rxd1 23. Rxd1 Rd8 24. Rxd8+ Bxd8 25. Qb5 Qc8 26.
a4 Be7 27. Bd4 Bc5 28. Bc3 a5 29. Bc6 Nd5 30. Bxd5 exd5 31. Qd3 Qc6 32. Kg1
Qxa4 33. Qxd5 Qe8 34. Kg2 a4 35. e4 Qe6 36. Qa8+ Kh7 37. Qxa4 Kg6 38. Qc2
Qc6 39. f3 Kh7 40. Qb3 Kg6 41. Qc2 Kh7 42. Qd3 Qa4 43. h4 Qa1 44. Qf1 Qa4
45. Qb1 Qc4 46. Qf1 Qa2 47. h5 Qe6 48. Qd3 Qe8 49. Qd5 Qe7 50. Qe5 Qg5 51.
Qxg5 hxg5 52. b4 Be3 53. b5 g6 54. hxg6+ Kxg6 55. Be1 Bc5 56. Bf2 Bd6 57.
Bxb6 Bb8 58. Be3 f6 59. f4 gxf4 60. Bxf4 Ba7 61. Bc7 1-0

[Event "ch-PHI w"]
[Site "Tagaytay City PHI"]
[Date "2010.05.31"]
[Round "8"]
[White "Suede,A"]
[Black "Jose,Ru"]
[Result "0-1"]
[WhiteElo "1945"]
[BlackElo "1986"]
[EventDate "2010.05.25"]

1. e4 b6 2. Nc3 Bb7 3. d4 e6 4. Nf3 d5 5. exd5 exd5 6. Bd3 Nf6 7. Ne2 Bd6
8. O-O O-O 9. Ng3 c5 10. c3 g6 11. Bg5 Nbd7 12. Re1 Qc7 13. Nd2 Rfe8 14.
Qf3 Kg7 15. Rac1 h6 16. Bh4 Bf4 17. Ngf1 Ne4 18. Bg3 Bxg3 19. fxg3 Ndf6 20.
Qf4 Qd7 21. dxc5 Nxc5 22. Bc2 Ne6 23. Qb4 Qc7 24. Ne3 a5 25. Qh4 Rad8 26.
Ba4 Bc6 27. Bxc6 Qxc6 28. Rf1 Ng5 29. Qd4 Nge4 30. Ng4 Qc5 31. Qxc5 bxc5
32. Nxf6 Nxf6 33. Nb3 Re2 34. Rf2 Rxf2 35. Kxf2 Ne4+ 36. Ke2 Re8 37. Kf3 a4
38. Na5 Rb8 39. Rc2 Rb6 40. h4 Rf6+ 41. Ke2 Rf2+ 42. Kd1 Rf1+ 43. Ke2 Nxg3+
44. Kd3 Rf4 45. c4 Rd4+ 46. Ke3 Nf5+ 47. Kf2 Rf4+ 48. Kg1 Ne3 49. Rc3 Rf1+
50. Kh2 d4 51. Rd3 Rf2 52. Nb7 Rxg2+ 53. Kh3 Rxb2 54. Nxc5 h5 55. Kg3 Rxa2
56. Kf3 Nf5 57. Ke4 a3 58. Nb3 Re2+ 59. Kd5 a2 60. Rd1 Ne3+ 0-1

[Event "ch-PHI w"]
[Site "Tagaytay City PHI"]
[Date "2010.05.31"]
[Round "8"]
[White "Camacho,C"]
[Black "Perena,C"]
[Result "1/2-1/2"]
[WhiteElo "2186"]
[BlackElo "2090"]
[EventDate "2010.05.25"]

1. e4 e5 2. Nf3 Nf6 3. Nxe5 d6 4. Nf3 Nxe4 5. Nc3 Nxc3 6. dxc3 Be7 7. Bf4
O-O 8. Qd2 Nd7 9. O-O-O Nc5 10. Bd3 Bg4 11. h4 Bxf3 12. gxf3 Nxd3+ 13. Qxd3
Qd7 14. Rdg1 Bf6 15. Bg5 Qe6 16. Re1 Bxg5+ 17. hxg5 Qg6 18. Qxg6 fxg6 19.
Re7 Rac8 20. Rh3 Rf5 21. Rg3 Kf8 22. Re3 Kf7 23. Kd2 h5 24. gxh6 gxh6 25.
Rg4 h5 26. Rge4 Kg7 27. Ke2 Rcf8 28. Re7+ R8f7 29. Rxf7+ Rxf7 30. Kf1 Kf6
31. Kg2 Re7 32. Kg3 Re5 33. c4 Kf5 34. Ra3 a6 35. b4 Re2 36. Rc3 c6 37. a4
g5 38. b5 h4+ 39. Kg2 Kf4 40. Rd3 Rxc2 41. Rd4+ Ke5 42. Re4+ Kf6 43. Rd4
axb5 44. axb5 cxb5 45. cxb5 Ke6 46. Re4+ Kd7 47. Rg4 Rc5 48. f4 gxf4 49.
Rxh4 Rxb5 50. Rxf4 Re5 51. Rb4 Kc6 52. f4 Re8 53. Kf3 d5 54. Rb1 b5 55.
Rc1+ Kb6 56. Rd1 Kc6 57. Rc1+ Kb6 58. Rd1 Kc6 59. Rc1+ Kd6 60. Rb1 Rb8 61.
Ke3 b4 62. Kd4 Rf8 63. Rf1 Rf5 64. Ke3 Kc5 65. Rg1 Kc4 66. Rc1+ Kb3 67.
Rb1+ Kc3 68. Rc1+ Kb2 69. Rc8 1/2-1/2

[Event "ch-PHI w"]
[Site "Tagaytay City PHI"]
[Date "2010.06.01"]
[Round "9"]
[White "Perena,C"]
[Black "Salvador,A"]
[Result "1-0"]
[WhiteElo "2090"]
[BlackElo "2058"]
[EventDate "2010.05.25"]

1. d4 d5 2. c4 c6 3. Nf3 Nf6 4. Nc3 dxc4 5. a4 Bf5 6. e3 e6 7. Bxc4 Bb4 8.
O-O O-O 9. Qe2 Nbd7 10. e4 Bg6 11. Bd3 a5 12. e5 Bxd3 13. Qxd3 Nd5 14. Ng5
f5 15. Nxe6 Qe7 16. Nxf8 Rxf8 17. Nxd5 cxd5 18. Bd2 f4 19. Bxb4 axb4 20.
Qf3 Qe6 21. b3 Nb8 22. Rac1 b6 23. Rc7 Nc6 24. Rd1 Kh8 25. h3 g6 26. Qg4
Rf5 27. Qh4 Rf7 28. Rxf7 Qxf7 29. Qg4 Qf5 30. Qxf5 gxf5 31. Kf1 Na5 32. Rd3
Nc6 33. Ke2 Nd8 34. Rd1 Ne6 35. Kd3 Kg7 36. Rc1 f3 37. g3 Ng5 38. Ke3 Nxh3
39. Rc6 h5 40. Rxb6 1-0

[Event "ch-PHI w"]
[Site "Tagaytay City PHI"]
[Date "2010.06.01"]
[Round "9"]
[White "Jose,Ru"]
[Black "Camacho,C"]
[Result "1/2-1/2"]
[WhiteElo "1986"]
[BlackElo "2186"]
[EventDate "2010.05.25"]

1. c4 Nf6 2. g3 g6 3. Bg2 Bg7 4. e3 O-O 5. Ne2 e5 6. O-O Nc6 7. Nbc3 d6 8.
b3 Ne8 9. d4 f5 10. Bb2 h6 11. dxe5 Nxe5 12. Qd2 Rb8 13. Rad1 Bd7 14. c5
Bc6 15. f4 Bxg2 16. Kxg2 Ng4 17. h3 Ngf6 18. Ba3 Qe7 19. cxd6 Nxd6 20. Bxd6
cxd6 21. Qxd6 Qxe3 22. Rf3 Qe8 23. Rfd3 Kh7 24. Qb4 Qc6+ 25. Kh2 Rfe8 26.
Nd4 Qa6 27. a4 Ne4 28. Kg2 Rbc8 29. Nd5 Red8 30. Qb5 Qxb5 31. Nxb5 Rc2+ 32.
Kf1 Rdc8 33. Na3 Rc1 34. Kg2 Bf8 35. Nc4 Rc2+ 36. Kf1 Bc5 37. Rf3 Rh2 38.
Nde3 Rh1+ 39. Kg2 Rxd1 40. Nxd1 Rd8 41. Ndb2 Nd2 42. Rc3 Bb4 43. Re3 Bc5
44. Rc3 g5 45. Ne5 Ne4 46. Rd3 Rxd3 47. Nbxd3 Bd6 48. Nc4 Bc7 49. Kf3 Kg6
50. Nb4 Nc3 51. Nd3 Kf6 52. Nc5 b5 53. axb5 Nxb5 54. Ke3 Nc3 55. fxg5+ hxg5
56. Kf3 Nb5 57. Kg2 Nd4 58. Ne3 Bd6 59. Nb7 Bf8 60. b4 Ke5 61. Nc5 Be7 62.
Kf2 Nc6 63. Nd3+ Ke6 64. Nc5+ Bxc5 65. bxc5 a5 66. h4 gxh4 67. gxh4 a4 68.
Nc4 Kf6 69. Ke3 Nb4 70. Kd4 Kg6 71. Ke5 Nd3+ 72. Kd4 Nb4 73. Ke5 Nd3+ 74.
Kd4 Nb4 75. Ke5 Nd3+ 76. Kd4 1/2-1/2

[Event "ch-PHI w"]
[Site "Tagaytay City PHI"]
[Date "2010.06.01"]
[Round "9"]
[White "Palomo,J"]
[Black "Suede,A"]
[Result "1-0"]
[WhiteElo "1879"]
[BlackElo "1945"]
[EventDate "2010.05.25"]

1. d4 d5 2. c4 c6 3. Nf3 Nf6 4. e3 Bg4 5. Nc3 e6 6. Qb3 Qb6 7. Ne5 Bf5 8.
c5 Qc7 9. Qa4 Nbd7 10. Nxd7 Qxd7 11. b4 Be7 12. Qb3 O-O 13. a4 b6 14. cxb6
axb6 15. b5 c5 16. dxc5 Bxc5 17. Be2 d4 18. exd4 Qxd4 19. Be3 Qb4 20. Qxb4
Bxb4 21. Bd2 Rfc8 22. Bf3 Nd5 23. Nxd5 Bxd2+ 24. Kxd2 exd5 25. Rhc1 Rxc1
26. Rxc1 Rxa4 27. Rc6 d4 28. Rxb6 Ra2+ 29. Kc1 Kf8 30. Ra6 Rc2+ 31. Kd1 Ke8
32. b6 Kd8 33. Ra8+ Rc8 34. b7 1-0

[Event "ch-PHI w"]
[Site "Tagaytay City PHI"]
[Date "2010.06.01"]
[Round "9"]
[White "Docena,J"]
[Black "Cua,Sherc"]
[Result "1/2-1/2"]
[WhiteElo "2008"]
[BlackElo "2142"]
[EventDate "2010.05.25"]

1. e4 e6 2. d4 d5 3. exd5 exd5 4. Bd3 Bd6 5. Ne2 Nc6 6. c3 Nge7 7. Qc2 Bg4
8. h3 Be6 9. Be3 Qd7 10. Nf4 Bxf4 11. Bxf4 Bf5 12. Nd2 Bxd3 13. Qxd3 O-O-O
14. O-O-O h6 15. Nb3 b6 16. Rhe1 Rde8 17. Qa6+ Kb8 18. Qb5 Kc8 19. Qa6+ Kb8
20. Qb5 Kc8 21. Qa6+ Kb8 22. Qb5 1/2-1/2

[Event "ch-PHI w"]
[Site "Tagaytay City PHI"]
[Date "2010.06.01"]
[Round "9"]
[White "Mendoza,B"]
[Black "Cherry,A"]
[Result "1/2-1/2"]
[WhiteElo "2078"]
[BlackElo "1868"]
[EventDate "2010.05.25"]

1. e4 c5 2. Nc3 e6 3. g3 d5 4. exd5 exd5 5. Bg2 Nf6 6. d3 d4 7. Ne4 Nxe4 8.
dxe4 Nc6 9. Nh3 Be7 10. O-O O-O 11. Nf4 Bd6 12. h3 Bxf4 13. Bxf4 Be6 14.
Qe2 Rc8 15. Rfd1 Qa5 16. Bd6 Rfe8 17. a3 Qb6 18. b3 Rcd8 19. Bf4 f6 20. g4
Ne5 21. Rab1 Qc7 22. Bg3 Qc8 23. f4 Nf7 24. b4 b6 25. bxc5 Qxc5 26. Bf2 Qc7
27. Qd2 Nd6 28. Qb4 Nc4 29. f5 Bf7 30. Rxd4 Ne5 31. c3 Nd3 32. Qb5 Nxf2 33.
Kxf2 Qxc3 34. Rdd1 Qc2+ 35. Qe2 Qc5+ 36. Qe3 Qc2+ 37. Qe2 Qc5+ 38. Qe3
1/2-1/2

[Event "ch-PHI w"]
[Site "Tagaytay City PHI"]
[Date "2010.06.01"]
[Round "9"]
[White "Suede,M"]
[Black "Bernales,C"]
[Result "0-1"]
[WhiteElo "1949"]
[BlackElo "2043"]
[EventDate "2010.05.25"]

1. e4 e6 2. Qe2 c5 3. d3 g6 4. g3 Bg7 5. Bg2 Nc6 6. f4 Nge7 7. Nc3 Nd4 8.
Qf2 d5 9. Nf3 O-O 10. O-O Nec6 11. Nd1 Nxf3+ 12. Qxf3 d4 13. Nf2 Qc7 14.
Bh3 f5 15. Kh1 Kh8 16. Bd2 Bd7 17. Rae1 Rae8 18. Re2 Nb4 19. a3 Nxc2 20.
Rc1 Ba4 21. g4 Ne3 22. Bxe3 dxe3 23. Qxe3 fxg4 24. Bxg4 Qxf4 25. Qxf4 Rxf4
26. Kg2 Bd4 27. Bh3 Ref8 28. Ng4 Rf3 29. Rce1 Rxd3 30. Ne3 Bc6 31. Nc4 e5
32. Be6 Rdf3 33. Bd5 Bd7 34. Nd2 Rf2+ 35. Kg3 R8f4 0-1

[Event "ch-PHI w"]
[Site "Tagaytay City PHI"]
[Date "2010.06.01"]
[Round "10"]
[White "Cherry,A"]
[Black "Suede,M"]
[Result "1/2-1/2"]
[WhiteElo "1868"]
[BlackElo "1949"]
[EventDate "2010.05.25"]

1. e4 e6 2. d3 d5 3. Nd2 Nf6 4. Ngf3 Nc6 5. c3 b6 6. e5 Nd7 7. d4 g6 8. Bd3
Bg7 9. O-O O-O 10. Re1 Bb7 11. Nf1 Ne7 12. Bf4 c5 13. Qd2 Re8 14. Bh6 Bh8
15. Qf4 Nc6 16. h4 cxd4 17. cxd4 Nb4 18. Bb1 Rc8 19. Ne3 f5 20. exf6 Nxf6
21. Ne5 Qc7 22. N3g4 Nh5 23. Qg5 Bxe5 24. dxe5 Qf7 25. Nf6+ Nxf6 26. exf6
Nc2 27. h5 Ba6 28. Bxc2 Rxc2 29. Qe5 Rc4 30. b3 Rh4 31. Bg5 Rxh5 32. g4 Rh3
33. Be3 d4 34. Kg2 dxe3 35. fxe3 Rh6 36. Qg5 Qf8 37. f7+ Qxf7 38. Qxh6 Bb7+
39. e4 Qf6 40. Qe3 Rc8 41. Rac1 Qb2+ 42. Kg3 Rf8 43. Rf1 Qe5+ 44. Kh3 Rd8
45. Rcd1 Rc8 46. Rc1 Rd8 47. Rcd1 1/2-1/2

[Event "ch-PHI w"]
[Site "Tagaytay City PHI"]
[Date "2010.06.01"]
[Round "10"]
[White "Cua,Sherc"]
[Black "Mendoza,B"]
[Result "0-1"]
[WhiteElo "2142"]
[BlackElo "2078"]
[EventDate "2010.05.25"]

1. d4 Nf6 2. c4 d6 3. Nc3 e5 4. d5 g6 5. e4 Bg7 6. f3 O-O 7. Be3 Ne8 8. Qd2
f5 9. Bd3 f4 10. Bf2 g5 11. h3 c6 12. Nge2 c5 13. Nc1 h5 14. Be2 h4 15. Nd3
Na6 16. a3 Nac7 17. b4 b6 18. Bd1 Kh7 19. Ba4 Ba6 20. Bc6 Rb8 21. Qa2 Nf6
22. Kd2 Ng8 23. Rhb1 Ne7 24. Ba4 Qc8 25. bxc5 bxc5 26. Rxb8 Qxb8 27. Rb1
Qd8 28. Ke2 Nc8 29. Be1 Nb6 30. Bb5 Bc8 31. Bc6 Qf6 32. Nf2 Ba6 33. Nb5 Rb8
34. a4 Qe7 35. Nd3 Bf8 36. Rb2 Qf7 37. Rb1 Qe7 38. Rb2 Qf7 39. Bc3 Qe7 40.
a5 Nxc4 41. Qxc4 Nxb5 42. Bxb5 Rxb5 43. Qxb5 Bxb5 44. Rxb5 Qd7 45. Rb8 Bg7
46. Nb2 Qc7 47. Rb5 Qc8 48. Kd3 Qa6 49. Kc4 Bf6 50. Be1 Bd8 51. Nd3 Bc7 52.
Nb2 Kg6 53. Nd3 Qc8 54. Nb2 Kf6 55. Bf2 a6 56. Rb3 Bxa5 57. Nd3 Qd7 58. Nb2
Bb4 0-1

[Event "ch-PHI w"]
[Site "Tagaytay City PHI"]
[Date "2010.06.01"]
[Round "10"]
[White "Camacho,C"]
[Black "Palomo,J"]
[Result "1-0"]
[WhiteElo "2186"]
[BlackElo "1879"]
[EventDate "2010.05.25"]

1. e4 e5 2. Nf3 Nc6 3. d4 d6 4. Bb5 Bd7 5. O-O Nxd4 6. Bxd7+ Qxd7 7. Nxd4
exd4 8. Qxd4 Ne7 9. Bf4 Nc6 10. Qd2 Be7 11. Nc3 O-O 12. Nd5 Rfe8 13. Rfe1
f6 14. Qc3 Kh8 15. Re3 Rac8 16. Rh3 Ne5 17. Qg3 f5 18. Bxe5 dxe5 19. Qxe5
fxe4 20. Qxe4 h6 21. Rd3 Bd6 22. Qg6 Qe6 23. Qxe6 Rxe6 24. Re3 Rce8 25.
Rae1 Rxe3 26. Rxe3 Rxe3 27. fxe3 Kg8 28. Kf2 Kf7 29. Kf3 Ke6 30. Nf4+ Kf6
31. h3 a5 32. Ke4 g6 33. Nd3 Kg5 34. Kd5 Kh4 35. e4 Kg3 36. e5 Be7 37. Ke6
Bg5 38. Kf7 Kxg2 39. e6 Kxh3 40. Kxg6 Kg4 41. Ne5+ Kf4 42. Nf7 Be7 43. Nxh6
1-0

[Event "ch-PHI w"]
[Site "Tagaytay City PHI"]
[Date "2010.06.01"]
[Round "10"]
[White "Perena,C"]
[Black "Jose,Ru"]
[Result "0-1"]
[WhiteElo "2090"]
[BlackElo "1986"]
[EventDate "2010.05.25"]

1. d4 Nf6 2. c4 g6 3. g3 Bg7 4. Bg2 c5 5. e3 O-O 6. Nf3 d5 7. cxd5 Nxd5 8.
O-O Na6 9. Nc3 Nxc3 10. bxc3 Qc7 11. Qd2 b6 12. Bb2 Bb7 13. Rfe1 Rad8 14.
e4 Nb8 15. a4 Ba6 16. Qe3 Rc8 17. Bh3 Rcd8 18. Ba3 Qc6 19. d5 Qb7 20. Rab1
Qc7 21. a5 Nd7 22. Rb2 Nf6 23. Reb1 Rb8 24. Nd2 h5 25. f3 Kh7 26. Bf1 Bh6
27. f4 Bxf1 28. Kxf1 Qc8 29. Kg2 Qc7 30. Nc4 bxa5 31. Rxb8 Rxb8 32. Rxb8
Qxb8 33. Bxc5 Qb1 34. Nd2 Qc2 35. Kg1 Qd1+ 36. Nf1 Bf8 37. c4 Qc2 38. e5
Ne4 39. Bd4 a4 40. c5 a5 41. c6 e6 42. dxe6 Qxc6 43. exf7 a3 44. Qb3 Qc1
45. Kg2 Qxf1+ 46. Kxf1 Nd2+ 47. Ke1 Nxb3 48. Bc3 a2 0-1